[Event "Wroclaw Anderssen Memorial op"]
[Site "Wroclaw"]
[Date "2022.07.30"]
[Round "2"]
[White "Borkowski, Franciszek"]
[Black "Gabuza, Anatolii"]
[Result "1-0"]
[WhiteElo "2257"]
[BlackElo "1636"]
[PlyCount "55"]
[EventDate "2022.07.30"]
[EventType "swiss (rapid)"]
[EventRounds "9"]
[EventCountry "POL"]
[SourceTitle "CBM 209 Extra"]
[Source "ChessBase"]
[SourceDate "2022.09.30"]
[SourceVersion "1"]
[SourceVersionDate "2022.09.30"]
[SourceQuality "1"]

1. e4 e6 2. d4 d5 3. Nc3 dxe4 4. Nxe4 Nf6 5. Bg5 Be7 6. Bxf6 Bxf6 7. Nf3 Nc6 8. c3 0-0 9. Qd2 a5 10. Bd3 b6 11. 0-0-0 a4 12. Nfg5 h6 13. Nxf6+ Qxf6 14. Nh7 Qe7 15. Nxf8 Qxf8 16. Be4 Bb7 17. Rhe1 Na5 18. Bxb7 Nxb7 19. Qf4 Nd6 20. d5 exd5 21. Rxd5 a3 22. b3 Qc8 23. Re7 Qf8 24. Rxc7 Rd8 25. Rc6 Qe7 26. Rcxd6 Rxd6 27. Qxd6 Qe1+ 28. Kc2 1-0

[Event "Wroclaw Anderssen Memorial op"]
[Site "Wroclaw"]
[Date "2021.07.31"]
[Round "7"]
[White "Borkowski, Franciszek"]
[Black "Krupacz, Maciej"]
[Result "1-0"]
[WhiteElo "2257"]
[BlackElo "1840"]
[PlyCount "72"]
[EventDate "2021.07.31"]
[EventType "swiss (rapid)"]
[EventRounds "9"]
[EventCountry "POL"]
[SourceTitle "CBM 203 Extra"]
[Source "ChessBase"]
[SourceDate "2021.09.30"]
[SourceVersion "1"]
[SourceVersionDate "2021.09.30"]
[SourceQuality "1"]

1. e4 Nf6 2. e5 Nd5 3. d4 d6 4. Nf3 g6 5. Bc4 Nb6 6. Bb3 Bg7 7. Ng5 d5 8. f4 h6 9. Nf3 0-0 10. 0-0 e6 11. c3 c5 12. Be3 cxd4 13. Nxd4 Nc6 14. Qe2 Nxd4 15. Bxd4 Bd7 16. Nd2 Qc7 17. Rf3 Rfe8 18. Rg3 Nc8 19. Bc2 Ne7 20. Rh3 a5 21. g4 a4 22. a3 Qc8 23. Nf3 Qc4 24. Bd3 Qc8 25. Kh1 Qc6 26. Rg1 Qc8 27. Rhg3 Rb8 28. h4 Rf8 29. h5 b6 30. g5 hxg5 31. Rxg5 Be8 32. Qh2 Nf5 33. Bxf5 exf5 34. h6 Bh8 35. h7+ Kg7 36. Nh4 Ra8 1-0

[Event "Wroclaw Anderssen Memorial op"]
[Site "Wroclaw"]
[Date "2021.07.31"]
[Round "8"]
[White "Goldschmidt, Sven"]
[Black "Borkowski, Franciszek"]
[Result "0-1"]
[WhiteElo "1921"]
[BlackElo "2257"]
[PlyCount "58"]
[EventDate "2021.07.31"]
[EventType "swiss (rapid)"]
[EventRounds "9"]
[EventCountry "POL"]
[SourceTitle "CBM 203 Extra"]
[Source "ChessBase"]
[SourceDate "2021.09.30"]
[SourceVersion "1"]
[SourceVersionDate "2021.09.30"]
[SourceQuality "1"]

1. e4 e5 2. Nf3 Nc6 3. d4 exd4 4. Bc4 Nf6 5. e5 d5 6. Bb5 Ne4 7. 0-0 Bg4 8. h3 Bxf3 9. Bxc6+ bxc6 10. Qxf3 Bc5 11. Nd2 Nxd2 12. Bxd2 0-0 13. Qg3 Qe7 14. Bg5 Qe6 15. Bf6 g6 16. Qg5 Rfe8 17. Qh6 Bf8 18. Qf4 Bg7 19. Rae1 c5 20. g4 h6 21. h4 Rab8 22. b3 d3 23. cxd3 Rb4 24. Qf3 Rxg4+ 25. Kh2 h5 26. Qh3 Bxf6 27. exf6 Qd6+ 28. Kh1 Rxe1 29. Rxe1 Qxf6 0-1

[Event "Wroclaw Anderssen Memorial op"]
[Site "Wroclaw"]
[Date "2018.08.05"]
[Round "12"]
[White "Borkowski, Franciszek"]
[Black "Adamczewski, Maciej"]
[Result "1-0"]
[WhiteElo "2257"]
[BlackElo "2061"]
[PlyCount "95"]
[EventDate "2018.08.04"]
[EventType "swiss (rapid)"]
[EventRounds "13"]
[EventCountry "POL"]
[SourceTitle "CBM 185 Extra"]
[Source "ChessBase"]
[SourceDate "2018.07.29"]
[SourceVersion "1"]
[SourceVersionDate "2018.07.29"]
[SourceQuality "1"]

1. e4 e6 2. d4 d5 3. Nc3 Nf6 4. Bg5 Be7 5. e5 Nfd7 6. Bxe7 Qxe7 7. f4 a6 8. Nf3 c5 9. Qd2 Nc6 10. dxc5 Nxc5 11. Bd3 b5 12. 0-0 b4 13. Ne2 Bb7 14. a3 b3 15. Ned4 bxc2 16. Bxc2 Nxd4 17. Qxd4 0-0 18. Ng5 h6 19. b4 Ne4 20. Nxe4 dxe4 21. Bxe4 Rfd8 22. Qe3 Bxe4 23. Qxe4 Qa7+ 24. Kh1 Rd4 25. Qe3 Rad8 26. h3 Qd7 27. Rf2 Qd5 28. Kh2 Rd3 29. Qe2 Qd4 30. Ra2 g6 31. Rf3 Rd1 32. Rf2 h5 33. Qxa6 h4 34. Qe2 Qc3 35. Rf1 Qg3+ 36. Kh1 Qb3 37. Ra1 R1d2 38. Qe1 R8d3 39. Qxh4 Rg3 40. Rac1 Rc3 41. Rxc3 Qxc3 42. Qe1 Qd3 43. Kh2 Re2 44. Qg3 Qc2 45. h4 Qf5 46. Rc1 Rd2 47. Rc8+ Kg7 48. Qg5 1-0

[Event "Wroclaw Anderssen Memorial op"]
[Site "Wroclaw"]
[Date "2017.12.03"]
[Round "9"]
[White "Lukasiewicz, Krzysztof"]
[Black "Borkowski, Franciszek"]
[Result "1-0"]
[WhiteElo "2218"]
[BlackElo "2278"]
[PlyCount "33"]
[EventDate "2017.12.02"]
[EventType "swiss (rapid)"]
[EventRounds "13"]
[EventCountry "POL"]
[SourceTitle "CBM 181 Extra"]
[Source "ChessBase"]
[SourceDate "2017.12.12"]
[SourceVersion "1"]
[SourceVersionDate "2017.12.12"]
[SourceQuality "1"]

1. e4 e5 2. Nf3 Nc6 3. Bc4 Bc5 4. 0-0 Nf6 5. d4 exd4 6. e5 d5 7. exf6 dxc4 8. fxg7 Rg8 9. Bg5 Qd5 10. Nc3 Qf5 11. Re1+ Be6 12. Ne4 Rxg7 13. Nh4 Rxg5 14. Nxf5 Rxf5 15. g4 Rf4 16. Nxc5 0-0-0 17. Rxe6 1-0

[Event "POL-chT3 Dolnoslaskie 1718"]
[Site "Poland"]
[Date "2017.11.05"]
[Round "3.26"]
[White "Dzikowski, Michal"]
[Black "Borkowski, Franciszek"]
[Result "1/2-1/2"]
[WhiteElo "2147"]
[BlackElo "2286"]
[PlyCount "95"]
[EventDate "2017.10.08"]
[EventType "team-tourn"]
[EventRounds "11"]
[EventCountry "POL"]
[SourceTitle "EXT 2019"]
[Source "ChessBase"]
[SourceDate "2018.10.10"]
[SourceVersion "1"]
[SourceVersionDate "2018.10.10"]
[SourceQuality "1"]

1. d4 g6 2. c4 Bg7 3. Nf3 d6 4. g3 Nf6 5. Nc3 0-0 6. Bg2 c5 7. d5 e6 8. 0-0 exd5 9. cxd5 Re8 10. Nd2 Nbd7 11. Nc4 Ne5 12. Nxe5 Rxe5 13. e4 a6 14. a4 b6 15. Re1 Re8 16. Bg5 h6 17. Bd2 Rb8 18. f4 b5 19. axb5 axb5 20. Qc2 b4 21. Nd1 b3 22. Qc4 Bd7 23. Nf2 Qc7 24. Bc3 Nh7 25. Bxg7 Kxg7 26. Qc3+ f6 27. Bf1 Rb4 28. Ra3 Qb6 29. Ra6 Qb8 30. Rea1 Nf8 31. Bc4 Rb7 32. R6a3 Bb5 33. Bxb3 Bd7 34. R1a2 Bb5 35. Ba4 Nd7 36. Bxb5 Rxb5 37. Ra7 Rb7 38. Qa5 Kf7 39. Qa6 Rxa7 40. Qxa7 Ke7 41. Qxb8 Rxb8 42. Kf1 Rb3 43. Ke2 c4 44. Nd1 Nc5 45. Ra7+ Kf8 46. Ra8+ Ke7 47. Ra7+ Kf8 48. Ra8+ 1/2-1/2

[Event "POL-chT3 Dolnoslaskie 1617"]
[Site "Poland"]
[Date "2017.02.05"]
[Round "7.26"]
[White "Borkowski, Franciszek"]
[Black "Dowgird, Filip"]
[Result "0-1"]
[WhiteElo "2289"]
[BlackElo "2225"]
[PlyCount "78"]
[EventDate "2016.10.16"]
[EventType "team-tourn"]
[EventRounds "11"]
[EventCountry "POL"]
[SourceTitle "EXT 2018"]
[Source "ChessBase"]
[SourceDate "2017.10.13"]
[SourceVersion "1"]
[SourceVersionDate "2017.10.13"]
[SourceQuality "1"]

1. e4 e6 2. d4 d5 3. Nd2 Nc6 4. Ngf3 Nf6 5. e5 Nd7 6. Be2 f6 7. exf6 Qxf6 8. Nf1 Bd6 9. Ne3 0-0 10. 0-0 Qg6 11. c3 Nf6 12. Nh4 Qe8 13. f4 Ne7 14. Ng4 Ne4 15. Ne5 Nf5 16. Nhf3 c5 17. Bd3 b6 18. g4 Ne7 19. dxc5 Bxc5+ 20. Kg2 Bb7 21. Qe2 a6 22. h4 h5 23. Ng5 hxg4 24. Nxe4 dxe4 25. Bxe4 Bxe4+ 26. Qxe4 Qh5 27. b4 Qxh4 28. bxc5 Nf5 29. Bd2 Ng3 30. Qc4 Qh3+ 31. Kf2 Qh2+ 32. Ke1 Nxf1 33. Qxf1 Rad8 34. Rd1 Qh4+ 35. Qf2 g3 36. Qg2 bxc5 37. Ng6 Qh2 38. Qxh2 gxh2 39. Ke2 Rxd2+ 0-1

[Event "POL-chT3 Dolnoslaskie 1617"]
[Site "Poland"]
[Date "2017.01.08"]
[Round "5.25"]
[White "Janocha, Wieslaw Adam"]
[Black "Borkowski, Franciszek"]
[Result "1/2-1/2"]
[WhiteElo "2252"]
[BlackElo "2289"]
[PlyCount "87"]
[EventDate "2016.10.16"]
[EventType "team-tourn"]
[EventRounds "11"]
[EventCountry "POL"]
[SourceTitle "EXT 2018"]
[Source "ChessBase"]
[SourceDate "2017.10.13"]
[SourceVersion "1"]
[SourceVersionDate "2017.10.13"]
[SourceQuality "1"]

1. e4 c5 2. Nf3 g6 3. d4 cxd4 4. Nxd4 Nc6 5. c4 Bg7 6. Be3 Nf6 7. Nc3 Ng4 8. Qxg4 Nxd4 9. Qd1 Ne6 10. Rc1 Qa5 11. Qd2 d6 12. a3 g5 13. h4 h6 14. Be2 Bd7 15. hxg5 hxg5 16. Rxh8+ Bxh8 17. Rc2 Qe5 18. Qd5 Bc6 19. Qxe5 Bxe5 20. Nd5 Ba4 21. Rd2 b6 22. Bg4 Rc8 23. Bxb6 Rxc4 24. Bxa7 Rxe4+ 25. Be2 Rh4 26. Bd3 Bc6 27. Ne3 Rh1+ 28. Bf1 Nf4 29. f3 Bxb2 30. Rc2 Kd7 31. g3 Bxa3 32. gxf4 gxf4 33. Nc4 Bb5 34. Kf2 Rxf1+ 35. Kxf1 d5 36. Bb8 Bxc4+ 37. Kg2 Bd6 38. Ba7 e5 39. Rd2 Ke6 40. Rd1 e4 41. fxe4 dxe4 42. Rxd6+ Kxd6 43. Bb8+ Kd5 44. Bxf4 1/2-1/2

[Event "POL-chT3 Dolnoslaskie 1617"]
[Site "Poland"]
[Date "2016.10.16"]
[Round "1.16"]
[White "Daniel, Damian"]
[Black "Borkowski, Franciszek"]
[Result "1/2-1/2"]
[WhiteElo "2024"]
[BlackElo "2289"]
[PlyCount "73"]
[EventDate "2016.10.16"]
[EventType "team-tourn"]
[EventRounds "11"]
[EventCountry "POL"]
[SourceTitle "EXT 2018"]
[Source "ChessBase"]
[SourceDate "2017.10.13"]
[SourceVersion "1"]
[SourceVersionDate "2017.10.13"]
[SourceQuality "1"]

1. d4 g6 2. c4 Bg7 3. Nc3 d6 4. e4 Nc6 5. Be3 e5 6. d5 Nce7 7. g4 h5 8. g5 h4 9. Qd2 f5 10. f4 fxe4 11. fxe5 Bxe5 12. Nxe4 Nf5 13. 0-0-0 Nxe3 14. Qxe3 Qe7 15. Bd3 Qg7 16. Nf3 Bg4 17. Nxe5 Qxe5 18. Rde1 Kd8 19. Qd2 Qd4 20. Nxd6 cxd6 21. Re4 Qc5 22. Rxg4 Ne7 23. Kb1 Kd7 24. Re1 Rae8 25. Rge4 Nf5 26. Rxe8 Rxe8 27. Bxf5+ gxf5 28. g6 Rxe1+ 29. Qxe1 Qxc4 30. g7 Qxd5 31. Qg1 Qg8 32. Kc1 Ke7 33. Qg6 f4 34. Qg5+ Kf7 35. Qxf4+ Kxg7 36. Qxh4 Qd5 37. Qg3+ 1/2-1/2

[Event "POL-chT3 Dolnoslaskie 1415"]
[Site "Poland"]
[Date "2015.01.11"]
[Round "5.19"]
[White "Borkowski, Franciszek"]
[Black "Janocha, Wieslaw Adam"]
[Result "0-1"]
[WhiteElo "2326"]
[BlackElo "2266"]
[PlyCount "120"]
[EventDate "2014.10.26"]
[EventType "team-tourn"]
[EventRounds "11"]
[EventCountry "POL"]
[SourceTitle "EXT 2018"]
[Source "ChessBase"]
[SourceDate "2017.10.13"]
[SourceVersion "1"]
[SourceVersionDate "2017.10.13"]
[SourceQuality "1"]
[WhiteTeam "Gant Hetman"]
[BlackTeam "Wroclaw MUKS MDK Srodmiescie"]
[WhiteTeamCountry "POL"]
[BlackTeamCountry "POL"]

1. e4 e5 2. Nf3 Nc6 3. Bb5 a6 4. Bxc6 dxc6 5. 0-0 Qd6 6. Na3 Be6 7. Ng5 Bd7 8. Nc4 Qg6 9. d3 f6 10. Nf3 0-0-0 11. Nh4 Qg4 12. Qxg4 Bxg4 13. Nf5 g6 14. Nfe3 Be6 15. f4 exf4 16. Rxf4 Bc5 17. Kh1 Bd4 18. a4 Ne7 19. h3 f5 20. exf5 Nxf5 21. Nxf5 Bxf5 22. Be3 Bg7 23. a5 Rhe8 24. Rf2 Bxb2 25. Raf1 Bc3 26. Bg5 Rd5 27. Bd2 Bd4 28. Rf3 Re2 29. Re1 Rxe1+ 30. Bxe1 Rb5 31. Bh4 Rb1+ 32. Kh2 Bg1+ 33. Kg3 Rc1 34. Ne3 Bxe3 35. Rxe3 Rxc2 36. Re8+ Kd7 37. Re7+ Kd6 38. Rxh7 Bxd3 39. Bd8 b5 40. axb6 cxb6 41. Bxb6 c5 42. Kf3 Kc6 43. Bd8 Bf1 44. g3 Rd2 45. Rc7+ Kb5 46. Be7 Rd5 47. h4 a5 48. g4 Kb6 49. Rc8 a4 50. Rd8 Re5 51. Bf6 Re6 52. g5 a3 53. Rb8+ Ka5 54. Rc8 Kb4 55. Rb8+ Bb5 56. Kf4 a2 57. Bh8 Re1 58. Ra8 Ba4 59. Ra6 c4 60. Rb6+ Bb5 0-1

[Event "EU-ch rapid"]
[Site "Wroclaw"]
[Date "2014.12.21"]
[Round "11"]
[White "Borkowski, Franciszek"]
[Black "Socko, Bartosz"]
[Result "0-1"]
[WhiteElo "2322"]
[BlackElo "2617"]
[PlyCount "70"]
[EventDate "2014.12.20"]
[EventType "swiss (rapid)"]
[EventRounds "11"]
[EventCountry "POL"]
[SourceTitle "CBM 164 Extra"]
[Source "ChessBase"]
[SourceDate "2015.03.02"]
[SourceVersion "1"]
[SourceVersionDate "2015.03.02"]
[SourceQuality "1"]

1. e4 e6 2. d4 d5 3. Nc3 Bb4 4. e5 Ne7 5. a3 Bxc3+ 6. bxc3 c5 7. a4 Qa5 8. Qd2 Nbc6 9. Nf3 Bd7 10. Bd3 f6 11. 0-0 cxd4 12. cxd4 Qxd2 13. Bxd2 fxe5 14. dxe5 Rc8 15. Rfe1 0-0 16. Reb1 Rc7 17. a5 h6 18. h3 Be8 19. c4 Bh5 20. cxd5 Nxd5 21. Be4 Bxf3 22. Bxf3 Nxe5 23. Bxd5 exd5 24. Rb5 Rd7 25. Rab1 Rff7 26. Be3 a6 27. Rc5 Nc6 28. Rd1 d4 29. Bc1 Rfe7 30. Kf1 Re5 31. Rxe5 Nxe5 32. Bb2 Nc6 33. Ke2 Kf7 34. Kf3 Rd5 35. Rd3 Ne5+ 0-1

[Event "POL-chT3 Dolnoslaskie 1415"]
[Site "Poland"]
[Date "2014.11.09"]
[Round "2.1"]
[White "Piotrowski, Przemyslaw"]
[Black "Borkowski, Franciszek"]
[Result "1-0"]
[WhiteElo "2168"]
[BlackElo "2326"]
[PlyCount "59"]
[EventDate "2014.10.26"]
[EventType "team-tourn"]
[EventRounds "11"]
[EventCountry "POL"]
[SourceTitle "EXT 2018"]
[Source "ChessBase"]
[SourceDate "2017.10.13"]
[SourceVersion "1"]
[SourceVersionDate "2017.10.13"]
[SourceQuality "1"]
[WhiteTeam "Wroclaw KS Polonia"]
[BlackTeam "Gant Hetman"]
[WhiteTeamCountry "POL"]
[BlackTeamCountry "POL"]

1. e4 e5 2. Nf3 Nc6 3. Bc4 Nf6 4. d3 Bc5 5. Nc3 h6 6. Be3 Bxe3 7. fxe3 d6 8. Qd2 Na5 9. Bb3 Nxb3 10. axb3 c6 11. 0-0 0-0 12. h3 Re8 13. Qf2 d5 14. Nh4 Be6 15. Nf5 Bxf5 16. Qxf5 d4 17. exd4 Qxd4+ 18. Kh2 Qd7 19. Qf2 b6 20. Ne2 Nh7 21. Qe3 Nf8 22. Ng3 Ne6 23. Nf5 Nd4 24. Qg3 Nxf5 25. Rxf5 Qe6 26. Raf1 Rf8 27. Qh4 Rad8 28. g4 Qe7 29. g5 Kh8 30. Qf2 1-0

[Event "POL-chT3 Dolnoslaskie 1415"]
[Site "Poland"]
[Date "2014.10.26"]
[Round "1.26"]
[White "Balinski, Damian"]
[Black "Borkowski, Franciszek"]
[Result "0-1"]
[WhiteElo "2138"]
[BlackElo "2326"]
[PlyCount "94"]
[EventDate "2014.10.26"]
[EventType "team-tourn"]
[EventRounds "11"]
[EventCountry "POL"]
[SourceTitle "EXT 2018"]
[Source "ChessBase"]
[SourceDate "2017.10.13"]
[SourceVersion "1"]
[SourceVersionDate "2017.10.13"]
[SourceQuality "1"]
[WhiteTeam "Olesnica Pogon"]
[BlackTeam "Gant Hetman"]
[WhiteTeamCountry "POL"]
[BlackTeamCountry "POL"]

1. d4 Nf6 2. c4 g6 3. Nc3 Bg7 4. e4 d6 5. f3 e5 6. Nge2 0-0 7. Be3 exd4 8. Nxd4 c6 9. Qd2 d5 10. cxd5 cxd5 11. e5 Nfd7 12. f4 Nb6 13. Be2 Nc6 14. 0-0 f6 15. exf6 Qxf6 16. Rad1 Re8 17. Bf2 Bf5 18. Nxf5 Qxf5 19. Bf3 d4 20. Ne2 Rad8 21. Ng3 Qf7 22. b3 Bh6 23. Bxc6 bxc6 24. Qc2 Qf6 25. f5 Bg7 26. fxg6 Qxg6 27. Qxg6 hxg6 28. Rd3 Nd5 29. Bxd4 Nb4 30. Bxg7 Rxd3 31. Bh6 Nd5 32. Rb1 Nc3 33. Rc1 Rd1+ 34. Rxd1 Nxd1 35. Bd2 Rd8 36. Nf1 Kf7 37. g3 Ke6 38. Kg2 Rd3 39. Kh3 Kf5 40. Kg2 Ke4 41. Kh3 Rf3 42. Kg2 Rf2+ 43. Kg1 Kf3 44. Be1 Rg2+ 45. Kh1 Nf2+ 46. Bxf2 Kxf2 47. h4 Kxf1 0-1

[Event "Wroclaw Anderssen Memorial op 22nd"]
[Site "Wroclaw"]
[Date "2013.06.29"]
[Round "9"]
[White "Borkowski, Franciszek"]
[Black "Cyborowski, Lukasz"]
[Result "0-1"]
[WhiteElo "2325"]
[BlackElo "2548"]
[PlyCount "78"]
[EventDate "2013.06.29"]
[EventType "swiss (rapid)"]
[EventRounds "9"]
[EventCountry "POL"]
[SourceTitle "CBM 155 Extra"]
[Source "ChessBase"]
[SourceDate "2013.08.26"]
[SourceVersion "1"]
[SourceVersionDate "2013.08.26"]
[SourceQuality "1"]

1. e4 c5 2. Nf3 e6 3. d4 cxd4 4. Nxd4 Nc6 5. g3 a6 6. Bg2 Qc7 7. 0-0 d6 8. Nxc6 bxc6 9. c4 Nf6 10. Nc3 Be7 11. b3 0-0 12. Qd2 Bb7 13. f4 Rfd8 14. Bb2 d5 15. cxd5 cxd5 16. e5 Ne4 17. Nxe4 dxe4 18. Qe2 Qb6+ 19. Kh1 e3 20. Rfd1 g6 21. Bxb7 Qxb7+ 22. Qg2 Qb5 23. Bd4 e2 24. Re1 Rac8 25. Bg1 Rc2 26. Qe4 Bb4 27. Kg2 Qd5 28. Qxd5 Rxd5 29. Kf3 Bxe1 30. Rxe1 Rd1 31. Bf2 Rxe1 32. Bxe1 Rxa2 33. b4 Kf8 34. Ke3 Ke8 35. g4 Kd7 36. h4 Kc6 37. h5 Kb5 38. hxg6 hxg6 39. Bd2 Rxd2 0-1

[Event "Wroclaw Anderssen Memorial op 22nd"]
[Site "Wroclaw"]
[Date "2013.06.29"]
[Round "6"]
[White "Ulanowski, Karol"]
[Black "Borkowski, Franciszek"]
[Result "0-1"]
[WhiteElo "2083"]
[BlackElo "2325"]
[PlyCount "94"]
[EventDate "2013.06.29"]
[EventType "swiss (rapid)"]
[EventRounds "9"]
[EventCountry "POL"]
[SourceTitle "CBM 155 Extra"]
[Source "ChessBase"]
[SourceDate "2013.08.26"]
[SourceVersion "1"]
[SourceVersionDate "2013.08.26"]
[SourceQuality "1"]

1. e4 e5 2. Nf3 Nc6 3. d4 exd4 4. Nxd4 Nf6 5. Nxc6 bxc6 6. e5 Qe7 7. Qe2 Nd5 8. c4 Ba6 9. Nd2 Nb4 10. Kd1 c5 11. b3 0-0-0 12. Bb2 Bb7 13. a3 Nc6 14. Kc2 Nd4+ 15. Bxd4 cxd4 16. f4 d6 17. Qg4+ Kb8 18. exd6 Qxd6 19. Bd3 g6 20. Rhe1 f5 21. Qg3 Bh6 22. Rf1 Rde8 23. b4 Re3 24. Qh4 Bg7 25. g4 Be4 26. Bxe4 d3+ 27. Kd1 fxe4 28. Ra2 Re2 29. Qg5 e3 30. Qb5+ Qb6 31. Qd5 exd2 32. Rxd2 Rxd2+ 33. Kxd2 c6 34. Qd6+ Qc7 35. Qe6 Rd8 36. Rf2 Bb2 37. f5 Bxa3 38. f6 Bxb4+ 39. Kd1 Qd7 40. Qe5+ Bd6 41. Qg5 Bf8 42. f7 d2 43. h3 Qd3 44. Qe5+ Ka8 45. Qb2 Qxc4 46. Rxd2 Qf1+ 47. Kc2 Rxd2+ 0-1

[Event "POL-chT 2nd League"]
[Site "Lazy"]
[Date "2012.09.08"]
[Round "8"]
[White "Borkowski, Franciszek"]
[Black "Tazbir, Marcin"]
[Result "0-1"]
[WhiteElo "2318"]
[BlackElo "2554"]
[PlyCount "122"]
[EventDate "2012.09.01"]
[EventType "team-swiss"]
[EventRounds "9"]
[EventCountry "POL"]
[SourceTitle "EXT 2019"]
[Source "ChessBase"]
[SourceDate "2018.10.10"]
[SourceVersion "1"]
[SourceVersionDate "2018.10.10"]
[SourceQuality "1"]
[WhiteTeam "Gant Hetman"]
[BlackTeam "Krakow Wisla"]
[WhiteTeamCountry "POL"]
[BlackTeamCountry "POL"]

1. e4 c5 2. Nf3 d6 3. d4 cxd4 4. Qxd4 Nc6 5. Bb5 Bd7 6. Bxc6 Bxc6 7. Nc3 Nf6 8. Bg5 e6 9. 0-0-0 h6 10. Bh4 g5 11. Bg3 e5 12. Qd3 Qa5 13. Kb1 Be7 14. Nd2 b5 15. Nf1 b4 16. Nd5 Nxd5 17. exd5 Bd7 18. Ne3 Qb5 19. Qe4 Rf8 20. Nf5 Bxf5 21. Qxf5 Qd7 22. Qh7 f5 23. f3 0-0-0 24. h4 Rh8 25. Qf7 gxh4 26. Bxh4 Bxh4 27. Qxd7+ Kxd7 28. Rxh4 f4 29. c4 bxc3 30. bxc3 Kc7 31. Kc2 Kb6 32. Kd3 Kc5 33. c4 Rb8 34. Rd2 Rb4 35. Rc2 Rb1 36. Rg4 Rd1+ 37. Ke2 Rd4 38. Rg7 Rc8 39. Rd7 a5 40. a4 Rxc4 41. Rxc4+ Kxc4 42. Rxd6 Rc5 43. Rxh6 Kxd5 44. Ra6 Kc4 45. Rb6 Kc3 46. Kf2 Rc4 47. Rb5 Rxa4 48. Rxe5 Ra2+ 49. Kg1 a4 50. Ra5 a3 51. Ra8 Ra1+ 52. Kh2 Kb3 53. Rb8+ Ka2 54. g3 Rb1 55. Ra8 Rb3 56. Kg2 fxg3 57. Kxg3 Kb2 58. Kf4 a2 59. Rxa2+ Kxa2 60. Ke4 Ka3 61. f4 Kb4 0-1

[Event "POL-chT 2nd League"]
[Site "Lazy"]
[Date "2012.09.07"]
[Round "7"]
[White "Ciesla, Adam"]
[Black "Borkowski, Franciszek"]
[Result "0-1"]
[WhiteElo "2336"]
[BlackElo "2318"]
[PlyCount "62"]
[EventDate "2012.09.01"]
[EventType "team-swiss"]
[EventRounds "9"]
[EventCountry "POL"]
[SourceTitle "EXT 2019"]
[Source "ChessBase"]
[SourceDate "2018.10.10"]
[SourceVersion "1"]
[SourceVersionDate "2018.10.10"]
[SourceQuality "1"]
[WhiteTeam "Czestochowa UKS Hetman"]
[BlackTeam "Gant Hetman"]
[WhiteTeamCountry "POL"]
[BlackTeamCountry "POL"]

1. e4 e5 2. Nf3 Nc6 3. d4 exd4 4. Bc4 Nf6 5. e5 d5 6. Bb5 Ne4 7. Nxd4 Bc5 8. Be3 Bxd4 9. Qxd4 0-0 10. Bxc6 bxc6 11. f3 c5 12. Qa4 d4 13. Qc6 dxe3 14. Qxe4 Qd4 15. Qxd4 cxd4 16. Na3 Ba6 17. 0-0-0 c5 18. Rhe1 Rfe8 19. c3 e2 20. Rd2 Rad8 21. cxd4 cxd4 22. Nc2 d3 23. Nb4 Bb5 24. a4 a5 25. axb5 axb4 26. b6 Rxe5 27. b7 Red5 28. b3 g6 29. Ra2 d2+ 30. Rxd2 Rxd2 31. b8Q Rd1+ 0-1